000 00772cab a2200229 4500
001 WB3441-25
008 090401t1998 xxu||||| |||| 00| 0 eng d
035 _a(Sirsi) u89286
041 _aeng
245 _aHousing quality indicators
260 _c1998
350 _a0
490 _aHousing Today
_v(106) 22 October 1998, 3(1)
520 _aGovernment has suggested that a set of indicators for measuring the quality of social housing could become a standard for the private sector too. The indicators would cover location, layout and space standards.
650 _aHOUSING QUALITY INDICATORS
650 _aHOUSING STANDARDS
650 _aNEW HOMES
650 _aPRIVATE HOUSING SECTOR
690 _aHOUSING-DEVELOPMENT
942 _n0
948 _c27/10/1998
999 _c56466
_d56466